Utilización de desechos industriales como medio carburante
Uloženo v:
| Hlavní autor: | |
|---|---|
| Médium: | Neznámo |
| Vydáno: |
[San José , Costa Rica]
1981
|
| Témata: | |
| Tagy: |
Přidat tag
Žádné tagy, Buďte první, kdo vytvoří štítek k tomuto záznamu!
|
MARC
| LEADER | 00000 a2200000 4500 | ||
|---|---|---|---|
| 003 | 001620 | ||
| 005 | 20221231143741.0 | ||
| 008 | 140114s1981 cr a m 000 ||s d | ||
| 040 | |c cru CEDI | ||
| 090 | |a TFG 994 | ||
| 100 | |a Armas Romero, Bonnie May |9 15906 | ||
| 245 | |a Utilización de desechos industriales como medio carburante | ||
| 260 | |c 1981 |a [San José , Costa Rica] | ||
| 300 | |a ix 95 hojas ; 27 cm | ||
| 500 | |a Proyecto de graduación(licenciatura en ingeniería química)--Universidad de Costa Rica. Facultad de Ingeniería. Escuela de Ingeniería Química | ||
| 650 | |x RESIDUOS INDUSTRIALES |x APROVECHAMIENTO DE RESIDUOS |9 15907 | ||
| 942 | |c TFG | ||
| 999 | |c 11260 |d 11260 | ||
